000 00898cam a2200169ua 4500
020 _a07-277023-0-0
_cE 20.00
041 _aeng
_h
082 _a628.3
_bCOR/RE
110 1 _aInstittution of Civil Engineers .
_bICE
_c()
245 _aReuse of sewage effluents
260 _aLondon :
_bThomas telford Ltd ,
_c1985.
300 _a332 ; .
365 _aE 20.00
504 _a
942 _cBK
999 _c6249
_d6249